LEADER 01319nas--2200421---4500 001 990000335040203316 005 20110204102811.0 011 $a0885-064X 035 $a0033504 035 $aUSA010033504 035 $a(ALEPH)000033504USA01 035 $a0033504 100 $a20010205d--------km-y0ENGy0103----ba 101 $aeng 102 $aUS 110 $aahazz--|||| 200 1 $aJournal of complexity 210 $aSan Diego$cAcademic Press 215 $av.$cill.$d22 cm 300 $aComincia nel 1985 300 $aDescrizione basata su: Vol.26, n.1(2010) 326 $aTrimestrale 606 0 $aLogica combinatoria$xPeriodici$2BNCF 676 $a511.305 801 0$aIT$bsalbc$gISBD 856 4$uhttp://periodici.caspur.it/cgi-bin/sciserv.pl?collection=journals&issn=0885064x$4.$zOn line da workstation autorizzate 912 $a990000335040203316 958 $aSCI$bPER II$c1990- 959 $aSE 979 $aPATTY$b90$c20010205$lUSA01$h1633 979 $c20020403$lUSA01$h1641 979 $aPATRY$b90$c20040406$lUSA01$h1623 979 $aMANCUSO$b90$c20110125$lUSA01$h1556 979 $aMANCUSO$b90$c20110125$lUSA01$h1558 979 $aMANCUSO$b90$c20110128$lUSA01$h1449 979 $aMANCUSO$b90$c20110204$lUSA01$h1028 996 $aJournal of complexity$9793752 997 $aUNISA LEADER 01021cam0-2200337---450- 001 990005586440403321 005 20101019115230.0 035 $a000558644 035 $aFED01000558644 035 $a(Aleph)000558644FED01 035 $a000558644 100 $a19990604d1960----km-y0itay50------ba 101 0 $aita 102 $aIT 105 $aaf------001yy 200 1 $a<>pittura veneziana del Settecento$fRodolfo Pallucchini 210 $aVenezia$cIstituto per la Collaborazione Culturale$d1960 215 $aVIII, 323 p., [35] c. di tav.$cill.$d29 cm 225 1 $aStoria della pittura veneziana 610 0 $aPittura veneziana$aSec. 18. 676 $a759.531 700 1$aPallucchini,$bRodolfo$f<1908-1989>$037068 801 0$aIT$bUNINA$gRICA$2UNIMARC 901 $aBK 912 $a990005586440403321 952 $a759.531 PAL 1$bST.ARTE 5249$fFLFBC 952 $aART.FI C 214$b5135$fFARBC 959 $aFLFBC 959 $aFARBC 996 $aPittura veneziana del Settecento$9269010 997 $aUNINA